| 000 | 00725nam a2200289Ia 4500 | ||
|---|---|---|---|
| 008 | 210210b2019 xxu||||| |||| 00| 0 eng d | ||
| 020 | _a9789389555226 | ||
| 041 | _aeng | ||
| 082 | _a351.3K RUDS | ||
| 100 | _aRUDRANI (Vi Si) | ||
| 245 |
_aSamagra samanya adhyayana _bSumaru 10000kku hechu atimukhya bahu ayke prashnottaragalu |
||
| 260 |
_aBengaluru _bSapna book house _c2019 |
||
| 300 | _a859 | ||
| 650 | _aSumaru | ||
| 650 | _asamanya | ||
| 650 | _aSamagra | ||
| 650 | _aprashnottaragalu | ||
| 650 | _ahechu | ||
| 650 | _abahu | ||
| 650 | _aayke | ||
| 650 | _aatimukhya | ||
| 650 | _aadhyayana | ||
| 650 | _a10000kku | ||
| 690 | _aGeneral Knowledge | ||
| 700 | _aJAYANNA (Si Vi) | ||
| 906 | _a073750 | ||
| 999 |
_c123521 _d123521 |
||